Data Abstraction and Problem Solving with Java: Walls and Mirrors / (Record no. 36937)

MARC details
000 -LEADER
fixed length control field 00510nam a22001817a 4500
005 - DATE AND TIME OF LATEST TRANSACTION
control field 20250620115417.0
008 - FIXED-LENGTH DATA ELEMENTS--GENERAL INFORMATION
fixed length control field 250620b |||||||| |||| 00| 0 eng d
020 ## - INTERNATIONAL STANDARD BOOK NUMBER
ISBN 9780273751205
082 ## - DEWEY DECIMAL CLASSIFICATION NUMBER
Classification number 005.8
Item number RIC-D
100 ## - MAIN ENTRY--AUTHOR
Author Name Richard J.Janat
245 ## - TITLE STATEMENT
Title Data Abstraction and Problem Solving with Java: Walls and Mirrors /
Statement of responsibility, etc. Frank M.Carrano
250 ## - EDITION STATEMENT
Edition statement 3rd ed.
260 ## - PUBLICATION, DISTRIBUTION, ETC.
Place of Publication USA:
Name of publisher, distributor, etc. Elsevier;
Date of publication, distribution, etc. 2011.
300 ## - PHYSICAL DESCRIPTION
Pages xxi, 959 p. :
500 ## - GENERAL NOTE
General note include index.
650 ## - SUBJECT ADDED ENTRY--TOPICAL TERM
Subject / Department Java
300 ## - PHYSICAL DESCRIPTION
-- ill;
-- 24 cm.
952 ## - LOCATION AND ITEM INFORMATION (KOHA)
-- 0
-- 0
Holdings
Lost status Damaged status Collection code Permanent Location Current Location Shelving Location Date acquired Full Call Number Accession No./Barcode Date last seen item type Koha item type
    CS/IT Superior Information Resource Center (SIRC) Superior University- Gold Campus Superior Information Resource Center (SIRC) Superior University- Gold Campus Java 06/20/2025 005.8 PRI-D 2011 30223 06/20/2025 BOOK BOOK

Powered by Koha